000 00330 a2200157 4500
001 45746
020 _a9788508117215
040 _cAnchieta - Aquarius
240 1 0 _aMag, the owl
_lpor
245 1 0 _aMag, the owl
300 _a
362 0 _a2009
440 1 _aÁtica
650 4 _aLiteratura infantil em inglês
942 _cBK
999 _c45746
_d45746